| 000 | 00576cam a2200193Mu 4500 | ||
|---|---|---|---|
| 001 | STB036754 | ||
| 003 | PILC | ||
| 005 | 20150924145741.0 | ||
| 008 | 140127s2014 nyu 000 0 eng d | ||
| 020 | _a9789814607612 | ||
| 040 |
_aDEBSZ _bger _erakwb _cDEBSZ _dYDXCP _dOHM |
||
| 050 |
_aQR 41.2 _b.C69 2015 |
||
| 100 | 1 | _aCowan, Marjorie Kelly, | |
| 245 | 1 | 0 |
_aMicrobiology : _ba systems approach. |
| 260 |
_aNew York, NY : _bMcGraw-Hill, _c2014. |
||
| 300 |
_a801 pages : _billustrations ; _c25 cm. |
||
| 500 | _aIncludes appendix, glossary and index. | ||
| 942 |
_2lcc _cBK _kFOR |
||
| 999 |
_c288742 _d288742 |
||